El tercer hombre /

Guardado en:
Autor Principal: Greene, Graham
Formato: Libro
Publicado: Buenos Aires : Sudamericana
Series:Horizonte
Materias:
Etiquetas: Agregar Etiqueta
Sin Etiquetas, Sea el primero en etiquetar este registro!
LEADER 00568nam a22002175a 4500
001 CEM.cems011133
005 20071120173453.0
008 130507b######################000#0#####d
003 CEMS
020 |a 9500715643 
082 0 4 |a 823.9 
100 1 |a Greene, Graham 
245 1 0 |a El tercer hombre /  |c Graham Greene 
260 |a Buenos Aires :  |b Sudamericana 
300 |a 182 p. 
490 0 |a Horizonte 
653 |a Literatura 
653 |a Literatura inglesa 
653 |a Novelas 
653 |a Novela inglesa 
859 |a CEMS  |b BIB. CEMS - 11 de abril  |h 823.9  |i G821  |p 21921.02  |t Ej.1